| 000 | 01043nam a2200241Ia 4500 | ||
|---|---|---|---|
| 999 |
_c37551 _d37551 |
||
| 001 | 3517 | ||
| 003 | GE_BSU | ||
| 005 | 20190528195049.0 | ||
| 008 | 181216s1967||||ge |||||||||||||| ||geo|| | ||
| 040 | _cGE_BSU | ||
| 041 | _ageo | ||
| 080 | _a338.45:66(075.8) გ-23 | ||
| 100 |
_aგაჩეჩილაძე, თ. _91316 |
||
| 245 |
_aქიმიური მრეწველობის ეკონომიკა : სახელმძღვ. / _cთ. გაჩეჩილაძე ; ლ. ლორთქიფანიძე ; რედ : გ. ნიქაბაძე. |
||
| 264 |
_aთბილიოსი : _bგანათლება, _c1967. |
||
| 300 |
_a312 გვ .: _c22 სმ. |
||
| 653 | _aქიმიური მრეწველობის ეკონომიკა | ||
| 653 | _aეკონომიკა | ||
| 653 | _aქიმია | ||
| 700 |
_aლორთქიფანიძე, ლ _91779 |
||
| 700 |
_aნიქაბაძე, გ _eრედაქტორი _91188 |
||
| 942 |
_cBK _2udc |
||